| 000 | 00617nam a2200193Ia 4500 | ||
|---|---|---|---|
| 003 | GCL | ||
| 008 | 140319s9999 xx 000 0 ara d | ||
| 040 |
_aGCL / _cGCL |
||
| 082 | 0 | 4 |
_a811.01 _bد د |
| 100 | 1 | _aداود سلوم | |
| 245 | 1 | 0 |
_aديوان الحب العربى: دراسة تقومية لشعر الغزل / _cداود سلوم |
| 260 |
_aبيروت : _bالدار العربية للموسوعات ، _c1989 |
||
| 300 |
_a224 ص ؛ _c21 سم |
||
| 490 | _a | ||
| 650 | 0 | 4 | _aالشعر العربى |
| 650 | 0 | 4 | _aالشعر الغزلى |
| 650 | 0 | 4 | _aالشعر العاطفى |
| 942 |
_2ddc _cBK |
||
| 999 |
_c42628 _d42628 |
||